| 000 | 00747nam a2200265Ia 4500 | ||
|---|---|---|---|
| 008 | 160803s9999 xx 000 0 und d | ||
| 020 | _a9780590101769 | ||
| 100 | _aDahl, Roald | ||
| 245 | _aGoing solo / | ||
| 245 | _cRoald Dahl. | ||
| 260 | _aNew York : | ||
| 260 | _bScholastic Inc. | ||
| 260 | _c1986 | ||
| 300 | _a209 pages : | ||
| 300 | _billustrations, map ; | ||
| 300 | _c20 cm | ||
| 500 | _a"A Trumpet Club special edition." | ||
| 650 | _aAuthors, English -- 20th century -- Biography -- | ||
| 650 | _aDahl, Roald -- | ||
| 650 | _aWorld War, 1939-1945 -- Personal narratives, British -- | ||
| 650 | _xJuvenile literature. | ||
| 650 | _xJuvenile literature. | ||
| 650 | _xJuvenile literature. | ||
| 700 | _a1080 | ||
| 999 |
_c298758 _d298758 |
||